全区間地下区間の路線 - Statistics

General Stats
  • This quiz has been taken 558 times
  • The average score is 17 of 26
Answer Stats
Answer % Correct
東京メトロ南北線
93%
札幌市交東西線
87%
都営大江戸線
87%
京都市交東西線
87%
都営浅草線
84%
東京メトロ半蔵門線
81%
東京メトロ副都心線
74%
名古屋市交名城線
73%
名古屋市交上飯田線
72%
OsakaMetro堺筋線
72%
OsakaMetro長堀鶴見緑地線
72%
OsakaMetro今里筋線
70%
名古屋市交名港線
68%
OsakaMetro四つ橋線
68%
名古屋市交桜通線
67%
OsakaMetro千日前線
65%
札幌市交東豊線
64%
福岡市交七隈線
62%
神戸市交海岸線
60%
阪神神戸高速線
52%
神戸電鉄神戸高速線
52%
近鉄難波線
50%
神戸市交山手線
46%
京阪中之島線
45%
京阪鴨東線
40%
横浜高速鉄道みなとみらい21線
32%
No matching quizzes found
Score Distribution
Percent of People with Each Score
Percentile by Number Answered
Your Score History
You have not taken this quiz